The Filipino entrepreneur : opportunities and strategies in a growth economy : text and cases / Deogracias N. Vistan. (Record no. 21176)

000 -LEADER
fixed length control field 00586nam a22001577a 4500
020 ## - INTERNATIONAL STANDARD BOOK NUMBER
ISBN 9789712737633
082 ## - DEWEY DECIMAL CLASSIFICATION NUMBER
Classification number 658.421
Item number V8343 2023
100 ## - MAIN ENTRY--AUTHOR NAME
Personal name Vistan, Deogracias N., author.
245 ## - TITLE STATEMENT
Title The Filipino entrepreneur : opportunities and strategies in a growth economy : text and cases / Deogracias N. Vistan.
260 ## - PUBLICATION, DISTRIBUTION, ETC. (IMPRINT)
Place of publication Mandaluyong City :
Name of publisher Anvil Publishing,
Year of publication ©2023.
300 ## - PHYSICAL DESCRIPTION
Number of Pages xiii, 214 pages :
Other physical details illustrations ; 26 cm
650 ## - SUBJECT ADDED ENTRY--TOPICAL TERM
Topical Term Entrepreneuship -- Philippines.
650 ## - SUBJECT ADDED ENTRY--TOPICAL TERM
Topical Term Small business -- Philippines.
650 ## - SUBJECT ADDED ENTRY--TOPICAL TERM
Topical Term Business planning -- Philippines.
942 ## - ADDED ENTRY ELEMENTS (KOHA)
Koha item type Books
Holdings
Source of acquisition Permanent Location Date acquired Koha item type Collection code Accession Number Lost status Shelving location Withdrawn status Current Location Full call number
SchoolCagayan State University - Carig Library2025-07-14BooksApplied Sciences010985 General Collection Cagayan State University - Carig Library658.421 V8343 2023
SchoolCagayan State University - Carig Library2025-07-14BooksApplied Sciences010986 General Collection Cagayan State University - Carig Library658.421 V8343 2023
SchoolCagayan State University - Carig Library2025-07-14BooksApplied Sciences010987 General Collection Cagayan State University - Carig Library658.421 V8343 2023

Cagayan State University University Library, Carig Campus
Tuguegarao City, Cagayan 3500 | www.csucarig.edu.ph

Powered by Koha